[Event "AUTO-OPEN-1965"]
[Site "http://www.queenalice.com/game.php?id=770401"]
[Date "2010.5.4"]
[Round "1"]
[White "RuCam"]
[Black "donchoa"]
[Result "1-0"]
[WhiteElo "1822"]
[BlackElo "1618"]

1. e4 e6 2. d4 Nc6 3. Nf3 g6 4. Bc4 d5 5. exd5 exd5 6. Bb3 Bg4 7. h3 Bxf3 8.
Qxf3 Nxd4 9. Qe3+ Qe7 10. Bxd5 Qxe3+ 11. Bxe3 Nxc2+ 12. Ke2 c6 13. Nc3 Nxa1 14.
Rxa1 cxd5 15. Bd4 f6 16. Nxd5 O-O-O 17. Rc1+ Kb8 18. Bxf6 Re8+ 19. Kf3 Nxf6 20.
Nxf6 Bh6 21. Nd7+ Ka8 22. Rd1 Rd8 23. g4 Rhf8+ 24. Ke2 Rfe8+ 25. Kf1 Bg5 26. Kg2
Re2 27. Rd5 b6 28. Nxb6+ axb6 29. Rxg5 Rxb2 30. Re5 Rxa2 31. Re7 Ra7 32. Re6 b5
33. Kg3 b4 34. Rb6 Rb8 35. Re6 b3 36. f4 b2 37. f5 g5 38. h4 Ra3+ 39. Kf2 b1=R
40. hxg5 R8b2+ 41. Re2 Rxe2+ 42. Kxe2 Rb2+ 43. Kd1 1-0

[Event "AUTO-OPEN-1965"]
[Site "http://www.queenalice.com/game.php?id=770402"]
[Date "2010.5.4"]
[Round "1"]
[White "donchoa"]
[Black "ezequiel_2001"]
[Result "0-1"]
[WhiteElo "1610"]
[BlackElo "1863"]

1. e3 c5 2. Nc3 d6 3. d3 g6 4. d4 cxd4 5. Qxd4 Nf6 6. Nd5 Qa5+ 7. Nb4 Nc6 8. Qc3
Qxb4 9. Bd2 Qxc3 10. Bxc3 Bg7 11. Bb5 O-O 12. O-O-O Ne4 13. Bxg7 Kxg7 14. Rf1
Nb4 15. a3 a6 16. axb4 axb5 17. f3 Nf2 18. Rxf2 Be6 19. Ne2 Ra1+ 20. Kd2 Rxh1
21. g4 Ra8 22. Nc3 Raa1 23. f4 Bxg4 24. Kd3 Bd7 25. Ke4 Rhc1 26. Rd2 Bf5+ 27.
Kd5 Bxc2 28. e4 Bb3+ 29. Kd4 Bc4 30. f5 Re1 31. h4 e5+ 32. fxe6 fxe6 33. e5 Rxe5
34. Ne4 Rd5+ 35. Ke3 Re1+ 36. Kf2 Rxe4 37. Rc2 Rf5+ 38. Kg3 h5 39. b3 Rg4+ 40.
Kh3 Rf3+ 41. Kh2 Bf1 42. Kh1 Rh3+ 43. Rh2 Rxb3 44. Rf2 Rb1 45. Kh2 Rxh4+ 46. Kg3
Rh3+ 0-1

[Event "AUTO-OPEN-1965"]
[Site "http://www.queenalice.com/game.php?id=770403"]
[Date "2010.5.4"]
[Round "1"]
[White "ezequiel_2001"]
[Black "donchoa"]
[Result "1-0"]
[WhiteElo "1869"]
[BlackElo "1604"]

1. d4 e6 2. f4 Bd6 3. Nf3 b6 4. e3 Bb7 5. Bd3 Bxf3 6. Qxf3 c6 7. O-O Qh4 8. Bd2
Nf6 9. Be1 Qh5 10. Bg3 Qxf3 11. gxf3 Nd5 12. a3 Nxe3 13. Re1 Nd5 14. f5 Bxg3 15.
hxg3 O-O 16. c4 Nf6 17. g4 g6 18. Nd2 Re8 19. g5 Nh5 20. f6 Nf4 21. Bf1 c5 22.
d5 Na6 23. dxe6 dxe6 24. Ne4 Red8 25. Rad1 Rd4 26. Rxd4 cxd4 27. b4 Rc8 28. c5
bxc5 29. Bxa6 Rc6 30. Nxc5 Nh3+ 31. Kg2 Nxg5 32. Bd3 h5 33. Rd1 a5 34. Bb5 Rd6
35. Ne4 Nxe4 36. fxe4 axb4 37. axb4 e5 38. Rd3 Rxf6 39. Bc4 Rf4 40. Bd5 Rf6 41.
b5 Rb6 42. Bc6 f5 43. Kf3 Kg7 44. Ra3 Kh6 45. Ra6 Rb8 46. b6 g5 47. exf5 1-0

[Event "AUTO-INT-1690"]
[Site "http://www.queenalice.com/game.php?id=770651"]
[Date "2010.5.4"]
[Round "1"]
[White "nuage"]
[Black "donchoa"]
[Result "1-0"]
[WhiteElo "1672"]
[BlackElo "1652"]

1. e4 e6 2. d4 Qh4 3. Nc3 Bb4 4. Ne2 Bxc3+ 5. Nxc3 Nf6 6. Be2 Nxe4 7. Nxe4 Qxe4
8. O-O Nc6 9. Bf3 Qxd4 10. c3 Qxd1 11. Rxd1 O-O 12. Bf4 e5 13. Bg3 Re8 14. Re1
d6 15. Re4 Bf5 16. Rc4 e4 17. Be2 d5 18. Rc5 Be6 19. Bxc7 b6 20. Rxc6 Rac8 21.
Ba6 f5 22. Bxc8 Rxc8 23. Rxe6 Rxc7 24. Rd1 Kf7 25. Re5 Kf6 26. Rexd5 Kg5 27. g3
Kg4 28. Kg2 f4 29. h3# 1-0

[Event "AUTO-INT-1690"]
[Site "http://www.queenalice.com/game.php?id=770652"]
[Date "2010.5.4"]
[Round "1"]
[White "donchoa"]
[Black "nuage"]
[Result "0-1"]
[WhiteElo "1599"]
[BlackElo "1725"]

1. e3 d5 2. Nc3 Nf6 3. d4 e6 4. Nf3 Bb4 5. Bd2 O-O 6. Nb5 Bxd2+ 7. Qxd2 Ne4 8.
Qe2 Bd7 9. Ne5 c6 10. Nc3 Nxc3 11. bxc3 Qa5 12. Qd2 f6 13. Nxd7 Nxd7 14. c4
Qxd2+ 15. Kxd2 dxc4 16. Bxc4 Rae8 17. f4 b5 18. Bb3 a5 19. a4 b4 20. g4 c5 21.
c4 cxd4 22. exd4 f5 23. g5 Nb8 24. Rhe1 Nc6 25. Kd3 g6 26. c5 Kf7 27. d5 exd5
28. Bxd5+ Kg7 29. Rxe8 Rxe8 30. Bxc6 Rc8 31. Bb5 Rxc5 32. Re1 Rc3+ 33. Kd4 Rh3
34. Re2 b3 35. Bc4 Rh4 36. Ke5 Rh3 37. Ke6 Rh4 38. Rf2 Rh3 39. Kd6 h6 0-1

[Event "AUTO-INT-1690"]
[Site "http://www.queenalice.com/game.php?id=770669"]
[Date "2010.5.4"]
[Round "1"]
[White "luiz_antonio"]
[Black "donchoa"]
[Result "1-0"]
[WhiteElo "1899"]
[BlackElo "1652"]

1. e4 e6 2. e5 c6 3. d4 f6 4. Bd3 fxe5 5. Qh5+ Ke7 6. Qxe5 d6 7. Qe2 h6 8. Nc3
Nd7 9. Qf3 Qe8 10. h4 Ndf6 11. g4 Kd7 12. g5 Nd5 13. Nxd5 exd5+ 14. Ne2 Kc7 15.
g6 Be6 16. Bf5 Bxf5 17. Qxf5 Ne7 18. Qf7 Qxf7 19. gxf7 Nf5 20. Nf4 Ne7 21. h5 g5
22. hxg6 Nf5 23. Be3 Kd7 24. O-O-O Ke7 25. g7 Bxg7 26. Ng6+ Kxf7 27. Nxh8+ Bxh8
28. Bxh6 Bxd4 29. Rd3 Rh8 30. Rf3 Kg6 31. Rg1+ Kf6 32. Bg7+ 1-0

[Event "AUTO-INT-1690"]
[Site "http://www.queenalice.com/game.php?id=770670"]
[Date "2010.5.4"]
[Round "1"]
[White "donchoa"]
[Black "luiz_antonio"]
[Result "0-1"]
[WhiteElo "1606"]
[BlackElo "1862"]

1. e3 e5 2. c3 e4 3. Qa4 Nf6 4. g3 a6 5. d3 b5 6. Qd4 Nc6 7. Qxf6 Qxf6 8. dxe4
d6 9. Nd2 Be6 10. Bg2 b4 11. e5 Nxe5 12. Bxa8 Nd3+ 13. Kf1 Qxf2# 0-1

[Event "AUTO-BEG-385"]
[Site "http://www.queenalice.com/game.php?id=797474"]
[Date "2010.7.1"]
[Round "2"]
[White "donchoa"]
[Black "stephen6"]
[Result "0-1"]
[WhiteElo "1551"]
[BlackElo "1376"]

1. e3 e5 2. Qh5 Nc6 3. Bb5 Nf6 4. Qf3 Bb4 5. Bxc6 dxc6 6. h3 O-O 7. a3 Ba5 8.
Nc3 Bxc3 9. bxc3 Re8 10. d3 Re6 11. Qg3 a5 12. e4 a4 13. c4 b5 14. Bg5 Ba6 15.
c5 h6 16. Bxh6 Nh5 17. Qg5 Qxg5 18. Bxg5 f6 19. Be3 g5 20. Ne2 Rd8 0-1

[Event "AUTO-BEG-385"]
[Site "http://www.queenalice.com/game.php?id=797475"]
[Date "2010.7.1"]
[Round "2"]
[White "stephen6"]
[Black "donchoa"]
[Result "1-0"]
[WhiteElo "1399"]
[BlackElo "1528"]

1. e4 e6 2. Nc3 Bb4 3. Nf3 Nf6 4. d3 Bxc3+ 5. bxc3 Nc6 6. c4 b6 7. Ba3 e5 8. Be2
d6 9. O-O O-O 10. Re1 Bb7 11. c3 Re8 12. Nh4 Ne7 13. Bg4 Nxg4 14. Qxg4 c5 15.
Red1 Bc8 16. Nf5 Nxf5 17. exf5 Qd7 18. d4 Qxf5 19. Qxf5 Bxf5 20. Re1 1-0